La Física, aventura del pensamiento / (Record no. 59294)

MARC details
000 -LEADER
campo de control de longitud fija 00762nam a2200229 i 4500
001 - NÚMERO DE CONTROL
campo de control 59294
003 - IDENTIFICADOR DE NÚMERO DE CONTROL
campo de control ES-MaACL
005 - FECHA Y HORA DE LA ÚLTIMA TRANSACCIÓN
campo de control 20251209063022.0
007 - CAMPO FIJO DE DESCRIPCIÓN FÍSICA--INFORMACIÓN GENERAL
campo de control de longitud fija t|
008 - DATOS DE LONGITUD FIJA--INFORMACIÓN GENERAL
campo de control de longitud fija 031028s1945 ag ||||1| spa d
100 1# - ENTRADA PRINCIPAL--NOMBRE DE PERSONA
Nombre de persona Einstein, Albert,
Fechas asociadas al nombre 1879-1955
9 (RLIN) 46838
245 13 - MENCIÓN DEL TÍTULO
Título La Física, aventura del pensamiento /
Mención de responsabilidad, etc. Albert Einstein y Leopold Infeld ; [traducción del inglés por Rafael Grinfeld].
250 ## - MENCION DE EDICION
Mención de edición [3ª ed.].
260 ## - PUBLICACIÓN, DISTRIBUCIÓN, ETC.
Lugar de publicación, distribución, etc. Buenos Aires :
Nombre del editor, distribuidor, etc. Losada,
Fecha de publicación, distribución, etc. [1945] (
Fabricante Bartolomé U. Chiesino)
300 ## - DESCRIPCIÓN FÍSICA
Extensión 366 p. :
Otras características físicas il. ;
Dimensiones 21 cm.
490 1# - MENCIÓN DE SERIE
Mención de serie Ciencia y vida
700 1# - ENTRADA AGREGADA--NOMBRE PERSONAL
Nombre de persona Grinfeld, Rafael.
9 (RLIN) 60071
700 1# - ENTRADA AGREGADA--NOMBRE PERSONAL
Nombre de persona Infeld, Leopold.
9 (RLIN) 65268
830 0# - PUNTO DE ACCESO ADICIONAL DE SERIE-TÍTULO UNIFORME
Título uniforme Ciencia y vida
9 (RLIN) 182674
852 ## - LOCALIZACIÓN
Ubicación ES-MaACL
Número de control de estantería C-4828
Sublocalización o colección R.25415
Holdings
Estatus retirado Estado de pérdida Estado de daño No para préstamo Biblioteca de origen Biblioteca actual Ubicación en estantería Fecha de adquisición Fuente de adquisición Total de préstamos Signatura topográfica completa Código de barras Visto por última vez Precio de reemplazo Tipo de ítem Koha
        Biblioteca del Ateneo de Madrid Biblioteca del Ateneo de Madrid Sala Palomar 17/01/2008     C-4828 1062196 23/02/2023 23/02/2023 Libro impreso